1172 1268 1633 1762 1069 1976 1431 1234 1762 1646 1312 1920 1418 1306 1360 1902 1703 1280 1273 1456 1977 1056 1469 1211 1138 1644 1589 1780 1034 1651 1776 1927 1723 1815 1248 1338 1702 1633 1685 1402 1702 1274 1609 1297 1140 1037 1501 1394 1170 1218 1479 1645 1951 1353 1122 1460 1801 1114 1787 1052 1360 1844 1053 1083 1446 1643 1859 1107 1566 1445 1216 1512 1638 1426 1037 1353 1568 1258 1434 1846 1644 1806 1777 1311 1375 1029 1662 1608 1167 1726 1512 1603 1274 1701 1202 1588 1034 1348 1308 BCNSPRNW ULIB Ver.6.0+V

เปลี่ยนเป็นภาษาไทย

Change to English
 แสดงรายละเอียดบรรณานุกรม
  กลับหน้าหลัก

Brief Record : Get Marc (ISO 2709) : E-mail record : QR code < ปิดหน้าต่าง
LEADER : 00000nam 2200000uu 4500
001    13399111442
003     ULIB
008    110627s||||||||th 000 0 tha d
020    9786165001472
090    นว.^bน231ด 2554
100 0  นราเกตต์
245 00 ดาวห่มฟ้า/^cนราเกตต์
250    พิมพ์ครั้งที่ 2
260    นนทบุรี :^bพิมพ์คำ,^c2554
300    484 หน้า
945    ^p270^l0^i030182
995    ทศพร
999 ^a ใช้งานได้ทุกระบบ
รายการนี้ยังไม่มีแท็ก
คุณยังไม่ได้ล็อกอิน คุณสามารถมีกิจกรรมร่วมกับเว็บไซต์ได้ แต่ต้องล็อกอินก่อน ::
  ล็อกอิน

รายการสื่อสารสนเทศ

ลำดับที่ ประเภท เลขเรียก/บาร์โค้ด สถานที่ สถานะ
1. นวนิยาย
นวนิยาย
นว. น231ด 2554 ฉ.1 
  Barcode: 030182
ห้องสมุดวิทยาเขตสวรรค์ประชารักษ์
►นวนิยาย
บนชั้น
  ขอยืม

BibComment


ยังไม่เคยถูกคอมเมนท์

คอมเมนท์ทรัพยากรรายการนี้
  คอมเมนท์: ดาวห่มฟ้า นราเกตต์


 Copyright 2026. Bcnsprnw @Library